Design with energy: the conservation and use of energy in buildings (Record no. 85780)

MARC details
000 -LEADER
fixed length control field 00566cam a2200205 4500
001 - CONTROL NUMBER
control field D6697
008 - FIXED-LENGTH DATA ELEMENTS--GENERAL INFORMATION
fixed length control field 090401t1984 xxu||||| |||| 00| 0 eng d
035 ## - SYSTEM CONTROL NUMBER
System control number (Sirsi) u2526
041 ## - LANGUAGE CODE
Language code of text/sound track or separate title eng
050 ## - LIBRARY OF CONGRESS CALL NUMBER
Classification number 696.9
100 ## - MAIN ENTRY--PERSONAL NAME
Personal name Littler, John
245 ## - TITLE STATEMENT
Title Design with energy: the conservation and use of energy in buildings
260 ## - PUBLICATION, DISTRIBUTION, ETC.
Place of publication, distribution, etc. Cambridge
Name of publisher, distributor, etc. Cambridge University Press
Date of publication, distribution, etc. 1984
300 ## - PHYSICAL DESCRIPTION
Extent xvi. 366p. ill. 25cm
350 ## - PRICE (NR) (BK AM CF MU VM SE) [OBSOLETE]
Price 12.95
490 ## - SERIES STATEMENT
Series statement Cambridge Urban and Architectural Studies
700 ## - ADDED ENTRY--PERSONAL NAME
Personal name Thomas, Randall
942 ## - ADDED ENTRY ELEMENTS (KOHA)
Suppress in OPAC 0
948 ## - LOCAL PROCESSING INFORMATION (OCLC); SERIES PART DESIGNATOR (RLIN)
c (OCLC) 04/03/1997
Holdings
Withdrawn status Lost status Source of classification or shelving scheme Damaged status Not for loan Home library Current library Shelving location Date acquired Cost, normal purchase price Total Checkouts Full call number Barcode Date last seen Date last checked out Copy number Cost, replacement price Price effective from Koha item type
    Dewey Decimal Classification     London London Books 14/09/1999 12.95 3 696.9 30023925 06/08/2019 01/02/2008 1 12.95 06/08/2019 Book